007350000a220009700045001000019000002450093000193000050001125000027001625200403001897730045005921 aUngar, Antonio10aLa Génesis de Sebastiao Salgado : La más grande aventura del fotógrafo brasileño aVol.0, núm.6 (Marzo, 2006), Páginas 20-21 aEscritor y arquitecto. a¿Cómo se veía la naturaleza sin hombres ni mujeres? Es la pregunta que se ha planteado Sebastiao Salgado, uno de los fotógrafos imprescindibles de nuestro tiempo. A la altura de los grandes, como Diane Arbus, Salgado ha llamado a su proyecto Génesis, quizás buscando paz después de haber sido testigo de tantas migraciones, desplazamientos y guerras de la segunda mitad del siglo XX.0 tArcadia / Andrés Felipe Solano, Editor